[Event "Stay Safe Play From Home 137"]
[Site "T#645928Emanuel Laske"]
[Date "2020.05.10"]
[Round "2"]
[White "Mepe_Nika"]
[Black "Greblha"]
[Result "1-0"]
[WhiteElo "2281"]
[BlackElo "1939"]
[Annotator "TA"]
[PlyCount "133"]
[EventDate "2020.05.10"]
[EventType "swiss (blitz)"]

{[%evp 9,133,16,29,-3,17,22,38,35,27,25,58,11,46,33,39,39,30,37,35,27,37,21,30,43,38,20,75,80,105,47,42,38,35,-12,0,-7,111,45,72,64,133,128,146,-32,0,0,0,-4,-8,-10,-12,-117,-115,-102,-108,-71,0,0,0,-153,0,0,60,-900,-803,-840,-795,-1493,-1462,-1300,-1225,-1727,-1276,-6099,-6879,-29980,-29979,-5169,-2222,-5310,-5293,-5310,-5310,-7100,-5064,-6129,29982,29983,29983,29984,29986,29986,29986,29987,29987,29988,29988,29989,29989,29990,29992,29989,29995,29993,29993,29992,29992,29992,29993,29994,29995,29996,29996,29996,29996,29996,29997,29996,29997,29996,29996,29997,29997,29998,29998,29998]} 1. d4 c6 2. e4 d5 3. exd5 cxd5 4. Bd3 Nc6 5. c3 g6 6. h4 {B13: Caro-Kann: Exchange Variation and Panov-Botvinnik Attack.} Bg7 7. h5 {[#]} Nf6 $146 ({Predecessor:} 7... e5 8. dxe5 Nxe5 9. Bb5+ Nc6 10. Qe2+ Be6 11. Nf3 Qe7 12. hxg6 hxg6 13. Rxh8 Bxh8 {0-1 (45) Denisow,J (2114)-Reschke,S (2383) Schwaebisch Gmuend 2009}) 8. h6 {White is slightly better.} Bf8 9. Bg5 Qd6 10. Nd2 e5 11. dxe5 Nxe5 12. Bb5+ Bd7 13. Qe2 Be7 14. Ngf3 O-O 15. Qxe5 Qxe5+ 16. Nxe5 Bxb5 17. O-O-O Rfe8 (17... Rae8 $11 {keeps the balance.}) 18. Rhe1 $40 {[%mdl 128] White is out for blood.} Ne4 19. Nxe4 (19. Bxe7 $1 $16 Rxe7 20. Ng4 (20. Nxe4 dxe4 21. Rd5 a6 $14)) 19... dxe4 $14 20. Bxe7 Rxe7 21. Ng4 {Strongly threatening Nf6+.} f5 22. Nf6+ Kh8 (22... Kf7 $11 23. Nxh7 Rh8 24. Ng5+ Kf6) 23. Nd5 (23. Rd6 $16) 23... Rd7 24. b3 Rad8 ({Better is} 24... Bd3 $14 25. Nf4 Rad8) 25. c4 $16 Bc6 {[%cal Rc6d5]} 26. Nc3 $2 (26. Nf6 $16 Rxd1+ 27. Rxd1 Rxd1+ 28. Kxd1) 26... Rxd1+ (26... Kg8 {with more complications.} 27. b4 b6 28. g4 fxg4 29. Rxd7 Rxd7 30. Nxe4 Rf7) 27. Rxd1 Rxd1+ 28. Nxd1 $15 {[%mdl 4096] Endgame KB-KN} Kg8 29. Kd2 Kf7 30. g3 (30. Kc3 $11) 30... g5 $1 $17 31. Ke3 Kg6 32. Kd4 {[#]} Kxh6 (32... f4 $1 $17 {Threatens to win with ...e3.} 33. gxf4 gxf4) 33. Ke5 $1 $11 Bd7 34. Nc3 $2 {[#]} (34. Ne3 $11) 34... Kg6 $2 ({Black should play} 34... Kg7 $1 $17 35. Kd6 Be8) 35. Nd5 h5 (35... Kg7 $11) 36. Nf6 $2 {[%mdl 8192]} (36. Ne7+ $14 Kg7 37. Nxf5+ Kg6 38. Ne7+ Kg7 39. Kxe4) 36... h4 $19 37. gxh4 gxh4 {White must now prevent ...h3.} 38. Nxd7 {KN-KP} h3 39. Nf8+ Kf7 40. Ne6 h2 41. Ng5+ Kg6 42. Nh3 h1=Q 43. Nf4+ Kh6 44. Kxf5 Qa1 45. Kxe4 Qxa2 46. b4 Qb3 47. Nd3 Qxb4 $4 {[%mdl 8192]} (47... a5 $19 48. bxa5 Qxc4+ 49. Ke3 Kg5) 48. Nxb4 {KN-KPP. White mates.} a5 49. Na2 b6 50. Ke5 Kg7 51. f4 Kf7 52. f5 Ke7 53. Nc3 Kf7 54. f6 Ke8 55. Nd5 Kd7 56. Nxb6+ {KN-KP} Kc6 57. Na4 Kd7 58. c5 Kc6 59. f7 Kd7 60. f8=Q Kc6 61. Qd6+ Kb5 62. Qb6+ Kxa4 63. c6 Ka3 64. Qxa5+ Kb3 65. c7 Kc2 66. c8=Q+ Kd3 67. Qb6 {White used his chance. Accuracy: White = 55%, Black = 67%.} 1-0

[Event "Stay Safe Play From Home 137"]
[Site "T#645928Emanuel Laske"]
[Date "2020.05.10"]
[Round "2"]
[White "Tropic Thunder"]
[Black "Zacko1"]
[Result "1-0"]
[WhiteElo "2191"]
[BlackElo "1831"]
[Annotator "TA"]
[PlyCount "59"]
[EventDate "2020.05.10"]
[EventType "swiss (blitz)"]

{[%evp 11,59,33,51,22,13,0,32,33,45,-15,158,0,212,67,178,124,238,247,243,239,712,721,706,717,706,691,910,910,904,904,917,915,936,936,943,933,1056,1064,1059,1056,1145,1143,1187,1162,29980,29981,5693,2851,2832,1131]} 1. e4 c5 2. Nf3 Nc6 3. d4 cxd4 4. Nxd4 d6 5. Nc3 a6 6. Be3 e6 7. Nxc6 {B54: Sicilian: 2...d6 3 d4 cxd4 4 Nxd4, Unusual Lines .} bxc6 8. Bc4 d5 9. exd5 {White is slightly better.} cxd5 10. Bb3 {[#]} (10. Nxd5 $14 exd5 11. Bxd5) 10... Bd7 $146 {[#]} (10... Nf6 $11) ({Predecessor:} 10... Nf6 11. a3 Bd6 12. h3 O-O 13. Qd2 Bb7 14. O-O-O Rc8 15. Rhg1 Qa5 16. Na4 Qxd2+ 17. Rxd2 {½-½ (64) Pham,N (1981)-Do,T (1986) Da Lat 2013}) 11. O-O $2 (11. Nxd5 $1 $16 {[%mdl 512] Hoping for Bb6.} Rb8 (11... exd5 12. Qxd5) 12. Bf4) 11... a5 $2 {[#]} (11... Be7 $11) 12. Re1 (12. Nxd5 $1 $18 {[%mdl 512] Black must now prevent Bb6.} Rb8 (12... exd5 13. Qxd5) 13. Qd4) 12... Nf6 {[#]} ({Better is} 12... Be7 $14) 13. Bxd5 $1 {[%mdl 512]} Be7 (13... Rb8 $16 {was necessary.}) (13... exd5 14. Bb6+) 14. Bxa8 $18 Qxa8 15. Bd4 O-O $2 (15... Bc6 16. f3 O-O) 16. Bxf6 {[%mdl 64] Discovered Attack} Bxf6 17. Qxd7 Rd8 18. Qb5 a4 19. Rad1 Rb8 20. Qxa4 Qb7 21. Qb3 Qc7 22. Nb5 Qc6 23. c4 h6 24. Rd6 Qc5 25. Red1 Be7 26. Rd7 Bf6 27. Qc2 Rb6 {[#]} 28. Rd8+ $1 Bxd8 29. Rxd8+ Qf8 30. Rxf8+ {Accuracy: White = 52%, Black =  6%.} 1-0

[Event "Stay Safe Play From Home 137"]
[Site "T#645928Emanuel Laske"]
[Date "2020.05.10"]
[Round "2"]
[White "SoulofWolf"]
[Black "CastlingArrocco"]
[Result "1-0"]
[WhiteElo "2151"]
[BlackElo "1980"]
[Annotator "RC"]
[PlyCount "51"]
[EventDate "2020.05.10"]
[EventType "swiss (blitz)"]

1. c4 {[%emt 0:00:00]} c6 {[%emt 0:00:02]} 2. Nc3 {[%emt 0:00:00]} d5 {[%emt 0:00:00]} 3. e3 {[%emt 0:00:00]} e6 {[%emt 0:00:00]} 4. cxd5 {[%emt 0:00:00]} exd5 {[%emt 0:00:01]} 5. d4 {[%emt 0:00:00]} f5 {[%emt 0:00:00]} 6. Nf3 {[%emt 0:00:00]} Nf6 {[%emt 0:00:00]} 7. Bd3 {[%emt 0:00:01]} Bd6 {[%emt 0:00:00]} 8. O-O {[%emt 0:00:01]} Ne4 {[%emt 0:00:00]} 9. Ne5 {[%emt 0:00:01]} Bxe5 {[%emt 0:00:01]} 10. dxe5 {[%emt 0:00:00]} O-O {[%emt 0:00:00]} 11. f3 {[%emt 0:00:01]} Nxc3 {[%emt 0:00:01]} 12. bxc3 {[%emt 0:00:00]} Qe7 {[%emt 0:00:00]} 13. f4 {[%emt 0:00:00]} Nd7 {[%emt 0:00:01]} 14. a4 {[%emt 0:00:01]} b6 {[%emt 0:00:01]} 15. Ba3 {[%emt 0:00:00]} c5 {[%emt 0:00:01]} 16. Bb5 {[%emt 0:00:00]} Bb7 {[%emt 0:00:01]} 17. Qe2 {[%emt 0:00:02]} a6 {[%emt 0:00:01]} 18. Bd3 {[%emt 0:00:01]} d4 {[%emt 0:00:02]} 19. cxd4 {[%emt 0:00:05]} Rad8 {[%emt 0:00:02]} 20. Qc2 {[%emt 0:00:02]} Qe6 {[%emt 0:00:01]} 21. Bc4 {[%emt 0:00:01]} Bd5 {[%emt 0:00:02]} 22. Rac1 {[%emt 0:00:01]} Rc8 {[%emt 0:00:01]} 23. Bxa6 {[%emt 0:00:03]} Ra8 {[%emt 0:00:02]} 24. Bb5 {[%emt 0:00:01]} Bb3 {[%emt 0:00:01]} 25. Qc3 {[%emt 0:00:02]} Bxa4 {[%emt 0:00:01]} 26. Bc4 {[%emt 0:00:01] CastlingArrocco abbandona (Lag: Av=0.31s, max=0.4s)} 1-0

[Event "Stay Safe Play From Home 137"]
[Site "T#645928Emanuel Laske"]
[Date "2020.05.10"]
[Round "2"]
[White "Weltszmerc"]
[Black "Trotsky"]
[Result "1-0"]
[WhiteElo "1999"]
[BlackElo "1665"]
[Annotator "TA"]
[PlyCount "47"]
[EventDate "2020.05.10"]
[EventType "swiss (blitz)"]

{[%evp 9,46,33,25,6,0,0,17,11,77,53,285,278,281,131,157,135,127,118,795,828,963,905,875,730,1005,953,1445,1416,1942,1935,1885,1898,1783,1377,1622,1593,29989,29990,29999]} 1. d4 d5 2. c4 e6 3. Nf3 c5 4. g3 Nc6 5. cxd5 exd5 6. dxc5 {D30: Queen's Gambit Declined: Systems without Nc3.} Bxc5 7. Bg2 Be6 8. O-O {[#] The position is equal.} Qc7 $146 (8... Nf6 $11) ({Predecessor:} 8... Nf6 9. Nbd2 d4 10. Nb3 Bb6 11. Bg5 O-O 12. Rc1 h6 13. Bxf6 Qxf6 {0-1 (63) Pukkila,M (2152)-Ivanov,S (2561) Helsinki 2003}) 9. a3 O-O-O $2 {[#]} (9... Nf6 $14) 10. b4 Bd6 11. b5 (11. Nc3 $18) 11... Ne5 12. Bb2 f6 13. Nbd2 Ng4 $2 {[%mdl 8192] [#]} (13... Kb8 $16) 14. Rc1 $18 h5 15. Rxc7+ Bxc7 16. h4 g5 17. Nd4 gxh4 18. Nxe6 Re8 19. Nxc7 Kxc7 20. Qc2+ Kb8 21. Nf3 h3 22. Bxh3 f5 23. Rc1 Re7 24. Qc8# {Accuracy: White = 77%, Black = 31%.} 1-0

[Event "Stay Safe Play From Home 137"]
[Site "T#645928Emanuel Laske"]
[Date "2020.05.10"]
[Round "2"]
[White "Sfantul321"]
[Black "Haxhi Baha"]
[Result "1-0"]
[WhiteElo "1896"]
[BlackElo "1956"]
[Annotator "TA"]
[PlyCount "97"]
[EventDate "2020.05.10"]
[EventType "swiss (blitz)"]

{[%evp 11,97,29,20,0,0,0,5,4,3,-1,-4,-15,-3,-5,-9,-14,-20,-52,-44,-72,-47,-76,-71,-79,-70,-93,0,-337,115,106,118,96,135,109,137,69,77,56,49,41,64,-23,-7,-44,-44,-44,-44,-44,-41,-43,-44,-44,23,-44,0,-13,17,15,419,-111,-109,-981,-932,-1278,-346,-320,-329,-267,-250,-250,7,-14,19,-440,0,0,0,-14,0,-12,0,4,169,171,273,264,29981,29982]} 1. c4 c6 2. Nc3 d5 3. cxd5 cxd5 4. d4 e6 5. Nf3 Nf6 6. Bg5 Nc6 7. Bxf6 {D13: Slav Defence: Exchange variation without ...Bf5.} Qxf6 8. e3 a6 {[#]} 9. Bd3 $146 {The position is equal.} ({Predecessor:} 9. Be2 Bd6 10. O-O O-O 11. Na4 Qd8 12. a3 b5 13. Nc5 e5 14. Rc1 e4 15. Nd2 {½-½ (30) Suchomel,A (1996)-Klecker,T (2191) Liberec 2011}) 9... Bd6 10. O-O O-O 11. Re1 b5 12. a3 Bb7 13. Rc1 Na5 14. Bb1 Nc4 15. Qc2 {[%csl Gb1][%cal Rc2h7]} g6 16. Nd2 Rac8 17. Nxc4 dxc4 18. Qe2 a5 (18... Qe7 $17) 19. Nxb5 $2 {[%mdl 8192] [#]} (19. a4 $11) 19... Bb8 $2 (19... Qg5 $1 $19 {[%csl Gb7][%cal Rg5g2][%mdl 512]} 20. f4 Qxb5) 20. Nc3 e5 21. d5 Qh4 22. e4 f5 23. g3 (23. a4 $16) 23... Qh3 $14 24. f3 f4 25. g4 h5 26. Qg2 (26. gxh5 $14 Ba7+ 27. Kh1) 26... hxg4 {Strongly threatening ...Ba7+.} 27. Qxg4 Qxg4+ 28. fxg4 Ba7+ 29. Kg2 f3+ {[%mdl 1024] Black has compensation.} 30. Kg3 f2 31. Rf1 g5 (31... Ba6 $15) 32. Rc2 (32. Nb5 $11 Be3 33. Rc3) 32... Rf4 33. Nb5 ({Much worse is} 33. Rcxf2 Bxf2+ 34. Rxf2 Rxf2 $19) (33. Rfxf2 $2 Bxf2+ 34. Rxf2 Rxf2 $19) 33... Bb6 34. Nd6 ({Avoid the trap} 34. Rcxf2 $2 Bxf2+ 35. Rxf2 Rxf2 $19) 34... Rcf8 $2 {[%mdl 8192]} (34... Rc7 $11 {and Black stays safe.}) 35. Nf5 $2 (35. Nxb7 $18 Rxe4 36. Nd6) 35... Rxe4 $17 {...Re1 is the strong threat.} 36. Rxc4 $2 {[%mdl 8192]} (36. Ba2 $17) 36... Rxc4 $19 37. Ba2 Bxd5 $2 (37... Rc2 38. Kg2 Ba6 39. d6+ Kh8 $1 {[%mdl 512]}) 38. Ne7+ Kg7 39. Nxd5 Rd4 40. Nxb6 {[#]} Rd3+ $2 ({Black should try} 40... e4 $1 $19 {[%cal Re4e3] White must now prevent ...e3.} 41. Nc4 (41. Rxf2 $2 Rd3+ 42. Kg2 Rxf2+ 43. Kxf2 Rd2+ {[%mdl 64] Double Attack} 44. Ke3 Rxb2 $19 {[%mdl 64] Double Attack}) 41... Rd3+ 42. Kg2 e3 43. Nxe3 {[%mdl 64] Remove Defender} Rxe3 44. Rxf2 Rxf2+ 45. Kxf2 Rh3) 41. Kg2 $11 Rf4 42. Rxf2 $2 {[%mdl 8192]} (42. h3 $11) 42... Rxg4+ $2 ({Better is} 42... Rxf2+ $19 43. Kxf2 Rd2+ {[%mdl 64] Double Attack} 44. Kf3 Rxb2 {[%mdl 64] Double Attack}) 43. Kf1 Rf4 {And now ...Rxf2+ would win.} 44. Rxf4 gxf4 45. Nc4 Rd4 46. Nxe5 {Black should prevent Nc4.} Rd1+ $2 (46... Rd2 $11 {and Black is okay.}) 47. Ke2 $18 Ra1 (47... Rg1 $142 48. Kf3 Rf1+ 49. Kg4 Rf2) 48. Bd5 Rh1 $2 (48... Kf6 $18) 49. Bxh1 {A wild game. Accuracy: White = 49%, Black = 48%.} 1-0

[Event "Stay Safe Play From Home 137"]
[Site "T#645928Emanuel Laske"]
[Date "2020.05.10"]
[Round "2"]
[White "Mamutones"]
[Black "SecantFX"]
[Result "0-1"]
[WhiteElo "1847"]
[BlackElo "1835"]
[Annotator "NA RC"]
[PlyCount "82"]
[EventDate "2020.05.10"]
[EventType "swiss (blitz)"]

1. e4 {[%emt 0:00:01]} d5 {[%emt 0:00:03]} 2. exd5 {[%emt 0:00:01]} Qxd5 {[%emt 0:00:00]} 3. Nc3 {[%emt 0:00:00]} Qa5 {[%emt 0:00:00]} 4. Bc4 {[%emt 0:00:01]} c6 {[%emt 0:00:00]} 5. Qf3 {[%emt 0:00:01]} Nf6 {[%emt 0:00:01]} 6. Nge2 {[%emt 0:00:01]} Bg4 {[%emt 0:00:01]} 7. Qg3 {[%emt 0:00:01]} Bh5 {[%emt 0:00:01]} 8. d4 {[%emt 0:00:01]} Bg6 {[%emt 0:00:01]} 9. Bd2 {[%emt 0:00:01]} Qb6 {[%emt 0:00:02]} 10. Bb3 {[%emt 0:00:01]} e6 {[%emt 0:00:01]} 11. O-O-O {[%emt 0:00:01]} Nbd7 {[%emt 0:00:01]} 12. Nf4 {[%emt 0:00:01]} Qd8 {[%emt 0:00:01]} 13. Nxg6 {[%emt 0:00:01]} hxg6 {[%emt 0:00:00]} 14. Rhe1 {[%emt 0:00:01]} Be7 {[%emt 0:00:00]} 15. h3 {[%emt 0:00:02]} Nb6 {[%emt 0:00:01]} 16. Ne4 {[%emt 0:00:01]} Nbd5 {[%emt 0:00:01]} 17. Ng5 {[%emt 0:00:01]} Nh5 {[%emt 0:00:02]} 18. Qg4 {[%emt 0:00:03]} Nhf6 {[%emt 0:00:01]} 19. Qf3 {[%emt 0:00:02]} Rh5 {[%emt 0:00:02]} 20. g4 {[%emt 0:00:02]} Rh8 {[%emt 0:00:02]} 21. c4 {[%emt 0:00:02]} Nc7 {[%emt 0:00:02]} 22. d5 {[%emt 0:00:02]} cxd5 {[%emt 0:00:01]} 23. cxd5 {[%emt 0:00:01]} Nfxd5 {[%emt 0:00:01]} 24. Qxf7+ {[%emt 0:00:02]} Kd7 {[%emt 0:00:01]} 25. Ba4+ {[%emt 0:00:02]} b5 {[%emt 0:00:01]} 26. Bxb5+ {[%emt 0:00:01]} Nxb5 {[%emt 0:00:01]} 27. Qxe6+ {[%emt 0:00:01]} Kc7 {[%emt 0:00:01]} 28. Ba5+ {[%emt 0:00:01]} Nb6 {[%emt 0:00:02]} 29. Rxd8 {[%emt 0:00:02]} Bxd8 {[%emt 0:00:01]} 30. Qf7+ {[%emt 0:00:05]} Kc6 {[%emt 0:00:02]} 31. Re6+ {[%emt 0:00:02]} Nd6 {[%emt 0:00:01]} 32. Qf3+ {[%emt 0:00:04]} Nd5 {[%emt 0:00:02]} 33. Ne4 {[%emt 0:00:04]} Bc7 {[%emt 0:00:01]} 34. Nxd6 {[%emt 0:00:01]} Bxd6 {[%emt 0:00:01]} 35. Bb4 {[%emt 0:00:01]} Rad8 {[%emt 0:00:01]} 36. Bxd6 {[%emt 0:00:01]} Rxd6 {[%emt 0:00:00]} 37. Rxd6+ {[%emt 0:00:00]} Kxd6 {[%emt 0:00:01]} 38. Qa3+ {[%emt 0:00:00]} Ke6 {[%emt 0:00:01]} 39. Qxa7 {[%emt 0:00:00]} Rd8 {[%emt 0:00:00]} 40. Qd4 {[%emt 0:00:02]} Rd6 {[%emt 0:00:00]} 41. Qxg7 {[%emt 0:00:01]} Nf6 {[%emt 0:00:01] Tempo (Lag: Av=0.68s, max=1.8s)} 0-1

[Event "Stay Safe Play From Home 137"]
[Site "T#645928Emanuel Laske"]
[Date "2020.05.10"]
[Round "2"]
[White "Edmatuag"]
[Black "Chase the sun"]
[Result "0-1"]
[WhiteElo "1723"]
[BlackElo "1766"]
[Annotator "NA RC"]
[PlyCount "92"]
[EventDate "2020.05.10"]
[EventType "swiss (blitz)"]

1. e4 {[%emt 0:00:01]} e6 {[%emt 0:00:01]} 2. d3 {[%emt 0:00:03]} d5 {[%emt 0:00:00]} 3. exd5 {[%emt 0:00:01]} exd5 {[%emt 0:00:01]} 4. Bf4 {[%emt 0:00:00]} Bd6 {[%emt 0:00:01]} 5. Qd2 {[%emt 0:00:00]} Ne7 {[%emt 0:00:02]} 6. Nc3 {[%emt 0:00:01]} c6 {[%emt 0:00:01]} 7. Bxd6 {[%emt 0:00:02]} Qxd6 {[%emt 0:00:01]} 8. Nge2 {[%emt 0:00:00]} O-O {[%emt 0:00:01]} 9. Qf4 {[%emt 0:00:01]} Qxf4 {[%emt 0:00:05]} 10. Nxf4 {[%emt 0:00:00]} f5 {[%emt 0:00:01]} 11. O-O-O {[%emt 0:00:01]} g5 {[%emt 0:00:01]} 12. Nh5 {[%emt 0:00:02]} Nd7 {[%emt 0:00:03]} 13. f4 {[%emt 0:00:01]} Nf6 {[%emt 0:00:00]} 14. Nxf6+ {[%emt 0:00:01]} Rxf6 {[%emt 0:00:00]} 15. g3 {[%emt 0:00:01]} gxf4 {[%emt 0:00:01]} 16. gxf4 {[%emt 0:00:01]} Kf7 {[%emt 0:00:00]} 17. Bh3 {[%emt 0:00:01]} Ng6 {[%emt 0:00:01]} 18. Rhf1 {[%emt 0:00:02]} Bd7 {[%emt 0:00:01]} 19. d4 {[%emt 0:00:01]} Re8 {[%emt 0:00:01]} 20. Kd2 {[%emt 0:00:03]} Nh4 {[%emt 0:00:02]} 21. Rde1 {[%emt 0:00:03]} Rxe1 {[%emt 0:00:02]} 22. Kxe1 {[%emt 0:00:00]} Re6+ {[%emt 0:00:05]} 23. Kf2 {[%emt 0:00:00]} Re7 {[%emt 0:00:00]} 24. Kg3 {[%emt 0:00:03]} Ng6 {[%emt 0:00:00]} 25. Rf2 {[%emt 0:00:03]} h5 {[%emt 0:00:01]} 26. Re2 {[%emt 0:00:01]} h4+ {[%emt 0:00:00]} 27. Kf3 {[%emt 0:00:01]} Kf6 {[%emt 0:00:02]} 28. Rxe7 {[%emt 0:00:02]} Nxe7 {[%emt 0:00:02]} 29. Nd1 {[%emt 0:00:00]} b6 {[%emt 0:00:02]} 30. Ne3 {[%emt 0:00:00]} Be6 {[%emt 0:00:02]} 31. c3 {[%emt 0:00:00]} c5 {[%emt 0:00:01]} 32. a3 {[%emt 0:00:02]} cxd4 {[%emt 0:00:01]} 33. cxd4 {[%emt 0:00:02]} Nc6 {[%emt 0:00:00]} 34. Nc2 {[%emt 0:00:02]} Bf7 {[%emt 0:00:01]} 35. Ke3 {[%emt 0:00:01]} Bh5 {[%emt 0:00:01]} 36. Bg2 {[%emt 0:00:00]} Bg4 {[%emt 0:00:01]} 37. h3 {[%emt 0:00:02]} Bd1 {[%emt 0:00:01]} 38. Nb4 {[%emt 0:00:03]} Nxb4 {[%emt 0:00:02]} 39. axb4 {[%emt 0:00:01]} Ke6 {[%emt 0:00:02]} 40. Kd2 {[%emt 0:00:02]} Bb3 {[%emt 0:00:01]} 41. Kc3 {[%emt 0:00:01]} Bc4 {[%emt 0:00:00]} 42. b3 {[%emt 0:00:01]} Be2 {[%emt 0:00:00]} 43. Kd2 {[%emt 0:00:02]} Bb5 {[%emt 0:00:01]} 44. Kc3 {[%emt 0:00:01]} Bd7 {[%emt 0:00:00]} 45. Kd2 {[%emt 0:00:01]} Bc6 {[%emt 0:00:02]} 46. Kc3 {[%emt 0:00:00]} a5 {[%emt 0:00:00] Time (Lag: Av=0.48s, max=1.0s)} 0-1

[Event "Stay Safe Play From Home 137"]
[Site "T#645928Emanuel Laske"]
[Date "2020.05.10"]
[Round "2"]
[White "Emresenar"]
[Black "Fischer_11"]
[Result "0-1"]
[WhiteElo "1573"]
[BlackElo "1965"]
[Annotator "TA"]
[PlyCount "80"]
[EventDate "2020.05.10"]
[EventType "swiss (blitz)"]

{[%evp 9,80,66,124,101,231,118,123,117,109,111,131,68,71,47,29,22,57,11,26,0,12,0,0,-10,0,8,152,89,91,75,70,61,79,-49,-49,-50,-40,-189,-127,-245,-239,-589,-583,-5402,-932,-5374,-728,-12836,-12837,-2018,-1141,-994,-961,-962,-959,-12829,-905,-29979,-991,-29983,-29984,-29984,-29985,-29985,-29983,-29984,-29983,-29984,-29985,-29985,-29985,-29987,-29985]} 1. g3 f6 2. Bg2 Kf7 ({Predecessor:} 2... a6 3. Nf3 c6 4. Nd4 d5 5. g4 e6 6. O-O Bc5 7. Nb3 {½-½ (7) Mesquita,P-Cabral,M Juiz de Fora 2014}) 3. b3 e6 4. Bb2 d5 5. d4 Bd6 ({Better is} 5... c5 $14) 6. c4 {A00: Irregular Openings.} Ne7 (6... dxc4 $16 7. bxc4 c5) 7. Nf3 (7. c5 $18) 7... c6 8. O-O {White is better.} Bc7 9. Nc3 Nd7 10. c5 (10. e4 $16) 10... Re8 11. b4 Kg8 12. a4 e5 13. dxe5 Nxe5 14. Nxe5 fxe5 15. e4 {[%cal Re4d5]} d4 16. Ne2 Be6 17. f4 exf4 (17... d3 $11 {keeps the balance.} 18. Nc1 exf4) 18. Nxf4 ({Don't play} 18. Qxd4 $6 Qxd4+ 19. Nxd4 Ng6 $11) (18. Nxd4 $142 Ng6 19. Nxe6 Qxd1 20. Raxd1 Rxe6 21. Rd7) 18... Bc4 $16 19. Re1 ({Worse is} 19. Qxd4 Qxd4+ 20. Bxd4 Bxf1 $17) (19. Bxd4 {seems wilder.} Ng6 20. Nxg6 hxg6 21. Rf2 a5 22. Rb1) 19... Bxf4 20. gxf4 Ng6 21. Qxd4 ({White should play} 21. Qc2 $16 Bf7 22. Qd2) 21... Qxd4+ $15 22. Bxd4 Nxf4 23. e5 {White is now going downhill.} (23. Bf3 $15) 23... Rad8 (23... Ne2+ $19 24. Rxe2 Bxe2) 24. Bc3 (24. Be3 $17 {is a better defense.} Nxg2 25. Kxg2) 24... Rd3 $19 25. Bb2 $2 {[#]} (25. Ra3 {is more resistant.}) 25... Rd2 $1 {[%mdl 512]} 26. Re4 Rxg2+ 27. Kh1 Rxb2 28. Rxf4 Bd5+ 29. Kg1 Rg2+ 30. Kf1 Rxh2 {[#] aiming for ...Rh1+.} 31. Re1 Rf8 32. Rxf8+ Kxf8 {[%mdl 4096] Endgame KRB-KR} 33. e6 Ke7 (33... Rh1+ $142 34. Ke2 Rxe1+ 35. Kxe1 h5 36. Kf1 h4 37. Kg1 g5 38. Kh2 g4 39. e7+ Kxe7 40. b5 Ke6 41. a5 cxb5 42. a6 bxa6 43. Kg1 g3 44. Kf1 h3 45. Ke2 g2 46. c6 g1=Q 47. c7 Qh2+ {[%mdl 64] Double Attack} 48. Kd3 Qxc7 49. Kd2 h2 50. Ke3 h1=Q 51. Kf2 Qf4+ 52. Ke2 Qhf1#) 34. Kg1 Rh1+ {Black mates.} 35. Kf2 Rxe1 36. Kxe1 Kxe6 37. Kd2 Bb3 38. Ke3 Bxa4 39. Kf4 Bb5 40. Kg3 b6 {Accuracy: White = 43%, Black = 59%.} 0-1

[Event "Stay Safe Play From Home 137"]
[Site "T#645928Emanuel Laske"]
[Date "2020.05.10"]
[Round "2"]
[White "Nagaram"]
[Black "Lazieri3"]
[Result "0-1"]
[WhiteElo "1529"]
[BlackElo "1998"]
[Annotator "TA"]
[PlyCount "86"]
[EventDate "2020.05.10"]
[EventType "swiss (blitz)"]

{[%evp 9,86,19,24,-5,6,1,5,-37,-37,-34,-30,-46,-47,-41,-35,-68,-72,-61,-66,-87,-31,-62,-59,-65,-54,-77,-14,-95,160,185,289,289,352,352,349,342,476,428,405,333,447,452,796,259,259,257,241,206,219,210,240,79,79,0,0,0,50,48,29990,29991,29991,29992,29993,29977,29977,29968,29983,29984,29985,29983,29988,29985,29989,29990,29991,29992,29992,29990,29992]} 1. e4 c6 2. Nf3 d5 3. exd5 cxd5 4. d4 Nc6 5. c4 Nf6 6. Be2 {B13: Caro-Kann: Exchange Variation and Panov-Botvinnik Attack.} Bf5 7. Nc3 e6 8. Bg5 {The position is equal.} dxc4 9. Bxc4 Be7 {[#]} 10. Bb5 $146 ({Predecessor:} 10. O-O O-O 11. a3 Qd7 12. Ne2 h6 13. Bf4 Rfd8 14. Bb5 Rac8 15. Ne5 Qe8 16. Rc1 {1-0 (26) Liang,J (1241)-Chugunov,I (1324) Burg Ortenberg 2018}) 10... O-O 11. O-O h6 12. Bxf6 Bxf6 13. Bxc6 bxc6 14. Re1 Qb6 (14... Rb8 $17 15. Qd2 c5 $1 {[%mdl 512]} 16. dxc5 Qxd2 17. Nxd2 Rxb2) 15. b3 Rfd8 16. Na4 Qb4 {White must now prevent ...c5.} 17. Rc1 Bxd4 (17... Bg4 $17 {[%cal Rd8d4] And now ...Rxd4 would win.} 18. Rc4 Qa5) 18. Rc4 {[#]} (18. a3 $1 $11 {remains equal.} Qd6 19. Nxd4 Qxd4 20. Qxd4 Rxd4 21. Rxc6) 18... Bxf2+ $2 {[%mdl 8192]} (18... Qxc4 $1 $17 {[%mdl 512] stays on course.} 19. bxc4 Bxf2+ {[%mdl 64] Discovered Attack} 20. Kxf2 Rxd1 21. Rxd1 Bc2 {[%mdl 64] Double Attack}) 19. Kxf2 $16 Rxd1 (19... Qxc4 $142 20. Qxd8+ Rxd8 21. bxc4 f6) 20. Rxb4 $18 Rxe1 21. Kxe1 ({Weaker is} 21. Nxe1 e5 $18) 21... Rd8 22. Ne5 Rd6 23. Rb7 f6 24. Nf3 Be4 25. Rxa7 Rd3 (25... Bxf3 $142 26. gxf3 Rd3) 26. Kf2 $2 (26. Nc5) 26... Bxf3 27. gxf3 {[%mdl 4096] Endgame Hoping for Nc5. KRN-KR} Rd2+ 28. Ke3 Rxa2 29. h4 Ra3 30. Kd4 $2 (30. Rb7 $18 {is more deadly.}) 30... Rxb3 $16 {[#]} 31. Kc5 ({Better is} 31. Nc5 $1 $16 {[%cal Rc5b3]} Rxf3 32. Nxe6) 31... Rxf3 $11 32. Kxc6 Rd3 33. Nc5 e5 $2 {[%mdl 8192] Now Black is done in.} (33... Re3 $14) 34. Nxd3 {White mates.} e4 35. Nf4 g5 36. Ra3 gxf4 {KR-KP} 37. Ra4 Kf7 38. Rxe4 {KR-K3P} f3 {[#]} 39. Rf4 $1 f2 40. Rxf2 Kg6 41. Kd5 f5 42. Ke6 f4 43. Ke5 Kh5 {[%mdl 32768] Accuracy: White = 52%, Black = 37%. . Sensor Board Error (Ke4/e5)?} 0-1